| 000 | 00845nam a2200253 a 4500 | ||
|---|---|---|---|
| 001 | BRCA_5675 | ||
| 005 | 20190320205158.0 | ||
| 008 | 180211s19uu----gw-a######---#000-0#ger-# | ||
| 041 | _ager | ||
| 044 | _agw | ||
| 050 | 4 |
_aN2460 _b.V65 _c190? |
|
| 100 | 1 |
_aVoll, Karl _d1867-1917 _914182 |
|
| 245 | 1 | 0 |
_aDie Meisterwerke des Rijks-Museum zu Amsterdam _bHanfstaengls Maler-Klassiker: Die Mesterwerke der Bedeutensten Galerien Europas _cKarl Voll. |
| 260 |
_aMunich _bFranz Hanfstaengl _c190? |
||
| 300 |
_a208 p. _bil., 208 láminas _c26 cm. |
||
| 500 | _aF145 | ||
| 500 | _aIgual a Y9 y F18 | ||
| 610 | 2 | 4 |
_aRijksmuseum (Amsterdam) _914139 |
| 650 | 1 | 4 |
_aPintura holandesa _zAmsterdam _914140 |
| 650 | 1 | 4 |
_aPintura _vColecciones y coleccionistas _zHolanda _914141 |
| 650 | 1 | 4 |
_aGalerías y museos _zHolanda _97615 |
| 902 | _aGFM | ||
| 942 |
_2lcc _cB |
||
| 999 |
_c5368 _d5368 |
||